| 000 | 00610cas a22002175a 4500 | ||
|---|---|---|---|
| 001 | L130962 | ||
| 008 | 050920d19671973xxkqr p 0 a0eng u | ||
| 035 | _a(Sirsi) u130962 | ||
| 041 | 0 | _aeng | |
| 110 | 2 |
_aGreater London Council _91146 |
|
| 240 | _aResearch Bulletin | ||
| 245 | 0 | 0 | _aQuarterly Bulletin |
| 260 |
_aLondon _bGLC _c1967-1973 |
||
| 362 | _a(1) December 1967-(25) December 1973 | ||
| 520 | _aFirst issue has the title 'Research Bulletin'. | ||
| 554 | _aFour per year | ||
| 651 | 4 | _aLondon | |
| 690 | _aBUILT ENVIRONMENT | ||
| 785 | 0 | 0 | _tGreater London Intelligence Quarterly |
| 942 | _n0 | ||
| 999 |
_c118819 _d118819 |
||